LEADER 01217nam0 22002531i 450 001 UON00226021 005 20231205103437.124 100 $a20030730d1967 |0itac50 ba 101 $aspa 102 $aUS 105 $a|||| ||||| 200 1 $aLista de los papeles de Emilio Prados en la biblioteca del Congreso de los Estados Unidos de América$fpor Carlos Blanco Aguinaga$gcon prefacio de Howard F. Cline - Baltimore$eThe Johns Hopkins Press, c1967. 47 p. ; 21 cm. 606 $aPRADOS EMILIO$xBibliografia$3UONC048469$2FI 620 $aUS$dBaltimore, Maryland$3UONL001567 676 $a861$cPoesia spagnola$v21 700 1$aBLANCO AGUINAGA$bCarlos$3UONV136865$0164539 702 1$aCLINE$bHoward F.$3UONV136866 712 $aJohns Hopkins University Press$3UONV246657$4650 801 $aIT$bSOL$c20240220$gRICA 899 $aSIBA - SISTEMA BIBLIOTECARIO DI ATENEO$2UONSI 912 $aUON00226021 950 $aSIBA - SISTEMA BIBLIOTECARIO DI ATENEO$dSI S.C II C 17 $eSI SP 3792 6 17 996 $aLista de los papeles de Emilio Prados en la biblioteca del Congreso de los Estados Unidos de América$91270889 997 $aUNIOR